00613nam a2200193 a 4500008004100000020001500041050001700056100002000073245007800093260003900171300002100210350000900231500005900240650001400299650005500313650001100368700002400379700001600403100930s2005 ||||||||||||||||| || u a1589481216 aG 70.212 Map aPalmer, Anita M10aMapping our world: GIS lessons for educatorscby Lyn Malone, [and others] aRedlands, Calif:bESRI Pressc2005 axxv, 549p.: ill. a0.00 aaccompanied by 2 CD-ROMS (see CBU Reference Librarian) aGEOGRAPHY aGEOGRAPHIC INFORMATION SYSTEMS--STUDY AND TEACHING aARCGIS aVoigt, Chritstine L aMalone, Lyn